000 01083nam a22003015a 4500
001 16043849
005 20100107093531.0
008 100107s2010 mau |r 001 0 eng
010 _a 2010920250
020 _a9780324593853
020 _a0324593856
040 _aDLC
_cDLC
082 _222
_a004.6
_bWHI
100 1 _aWhite, Curt M.
_911436
245 1 0 _aData Communications and Computer Networks :
_bA Business User's Approach /
_cCurt M. White.
250 _a5th Ed.
_bInternational Student ed.
260 _aBoston, MA :
_bCourse Technology, Cengage Learning, 2009
_c2009.
263 _a1003
300 _a506p:
_bill;
_c30cm.
500 _aIncludes Index.
500 _aInternational Student ed.
650 _aComputer networks.
_911437
650 _aOSI (Computer network standard).
_911438
650 _aData transmission systems.
_911439
942 _2ddc
_cBB
999 _c13406
_d13406